<?xml version="1.0" encoding="UTF-8"?>
<record
    xmlns:xsi="http://www.w3.org/2001/XMLSchema-instance"
    xsi:schemaLocation="http://www.loc.gov/MARC21/slim http://www.loc.gov/standards/marcxml/schema/MARC21slim.xsd"
    xmlns="http://www.loc.gov/MARC21/slim">

  <leader>03220cac a22002291u 4500</leader>
  <datafield tag="090" ind1=" " ind2=" ">
    <subfield code="c">6854</subfield>
  </datafield>
  <controlfield tag="008">090105t    2000xxu||||| |||| 00| 0 eng d</controlfield>
  <datafield tag="010" ind1=" " ind2=" ">
    <subfield code="a">   99056499</subfield>
  </datafield>
  <datafield tag="020" ind1=" " ind2=" ">
    <subfield code="a">0789004127 (hd)</subfield>
  </datafield>
  <datafield tag="082" ind1="0" ind2="0">
    <subfield code="a">658.049</subfield>
    <subfield code="b">ALI</subfield>
  </datafield>
  <datafield tag="100" ind1=" " ind2=" ">
    <subfield code="a">Ali, Abbas.                  </subfield>
  </datafield>
  <datafield tag="245" ind1="1" ind2="0">
    <subfield code="a">Globalization of business :</subfield>
    <subfield code="b">practice and theory /</subfield>
    <subfield code="c">Abbas J. Ali.</subfield>
  </datafield>
  <datafield tag="260" ind1=" " ind2=" ">
    <subfield code="a">New York :</subfield>
    <subfield code="b">International Business Press,</subfield>
    <subfield code="c">c2000.</subfield>
  </datafield>
  <datafield tag="260" ind1=" " ind2=" ">
    <subfield code="b">Distributer: Al-Ahram</subfield>
  </datafield>
  <datafield tag="300" ind1=" " ind2=" ">
    <subfield code="a">xii, 342 p. :</subfield>
    <subfield code="b">ill. ;</subfield>
    <subfield code="c">23 cm.</subfield>
  </datafield>
  <datafield tag="504" ind1=" " ind2=" ">
    <subfield code="a">Includes bibliographical references (p. 301-324) and index.</subfield>
  </datafield>
  <datafield tag="505" ind1="8" ind2=" ">
    <subfield code="a">Machine generated contents note: Chapter 1. The Theory and Practice of Globalization -- Globalization Aspects -- Definition of Globalization -- Approaches to Globalization -- Theories of Globalization -- Chapter 2. Global Business Environment -- Liberalization -- Trade -- Foreign Direct Investment -- Financial Market -- Beyond the Economic Crisis -- Political and Social Environment -- Political Aspects -- Globalization and the Nation-State -- Population, Poverty, and Health -- Chapter 3. Globalization Discourse -- Typology of the Current Discourse -- Beyond Self-Delusion -- Dominant Issues -- Facing the Challenge -- Issues for Concern -- Chapter 4. Globalization Dimensions -- The State of the Literature -- Trade Dimension -- International Relations -- Developing an Integrated Approach to Globalization -- Method -- Findings -- Chapter 5. Globalization and Regionalism -- Regionalism: Conditions and Assumptions -- Conditions for Successful RTPs -- Prospects for Healthy Regional Trade Pacts -- From Global Pillage to Global Village -- Chapter 6. Global Corporations -- Significance of Modern Firms -- The Global Firm: A Definition -- What Is a Global Company? -- Making Globalization Work -- Benefits of Being Global -- Chapter 7. Structuring Global Organizations -- What Is Organizational Structure? -- Approaches to Organizational Structure -- Structure in Practice -- Chapter 8. Global Strategies -- Strategy Perspectives -- Evolution of Strategic Objectives and Approaches -- Chapter 9. Globalization and Competitiveness -- Changing the Competitive Landscape -- National Competitiveness -- Firm Competitiveness -- Staying Competitive -- Chapter 10. Global Managers -- Management Qualities -- Scholars' Perspective -- Practitioners' Perspective -- Confronting Myths -- The Manager's Role -- International Relations and Cooperation -- Who Is the Global Manager? -- 7 : I 7 -- Chapter 11. Global Leadership -- Necessity of Global Leadership -- Jockeying for World Leadership -- Possible World Power Rivals -- The Nature of Global Conflict -- The U.S. Role -- Hegemony and Leadership -- Global Leadership in the Twenty-First Century -- Chapter 12. Global Backlash -- Sources and Nature of Global Backlash -- Unit of Analysis -- Minimizing the Backlash -- Bibliography -- Index.</subfield>
  </datafield>
  <datafield tag="650" ind1=" " ind2="0">
    <subfield code="a">International business enterprises.</subfield>
  </datafield>
  <datafield tag="856" ind1="4" ind2=" ">
    <subfield code="3">Table of Contents</subfield>
    <subfield code="u">http://www.loc.gov/catdir/toc/fy02/99056499.html</subfield>
  </datafield>
  <datafield tag="942" ind1=" " ind2=" ">
    <subfield code="c">BB</subfield>
    <subfield code="k">658.049ALI</subfield>
    <subfield code="2">ddc</subfield>
  </datafield>
  <datafield tag="999" ind1=" " ind2=" ">
    <subfield code="c">6854</subfield>
    <subfield code="d">6854</subfield>
  </datafield>
  <datafield tag="952" ind1=" " ind2=" ">
    <subfield code="0">0</subfield>
    <subfield code="1">0</subfield>
    <subfield code="2">ddc</subfield>
    <subfield code="4">0</subfield>
    <subfield code="7">0</subfield>
    <subfield code="a">MAIN</subfield>
    <subfield code="b">MAIN</subfield>
    <subfield code="c">1ST</subfield>
    <subfield code="d">2007-12-09</subfield>
    <subfield code="e">Purchase</subfield>
    <subfield code="l">10</subfield>
    <subfield code="m">21</subfield>
    <subfield code="o">658.049 ALI</subfield>
    <subfield code="p">000008187</subfield>
    <subfield code="r">2025-07-15 00:00:00</subfield>
    <subfield code="s">2018-12-20</subfield>
    <subfield code="y">BB</subfield>
  </datafield>
</record>
